LEADER 01160nam a2200253 i 4500 001 000000088735 003 CaOOAMICUS 005 20160629000000.0 008 160629s2016 it u000 u ita u 013 $a60976 020 $a978-88-6512-454-3 040 $aSeMil$bita 100 1 $aAvallone, Emanuele.$0(OLS)http://semarc/name/40245 245 13$aLa Commissione teologica internazionale :$bstoria e prospettive /$cEmanuele Avallone ; prefazione di Gerhard Müller. 260 $aVenezia :$bMarcianum Press,$c2016. 300 $a494 p. ;$c22 cm. 650 4$aCommissione teologica internazionale - Storia.$0(OLS)http://semarc/subject/16438 700 1 $aMüller, Gerhard Ludwig,$c.$0(OLS)http://semarc/name/3512 850 $aSeMil 852 $aSeMil$W1$xVenegono$y1$m2B VII 21$j51957$B51957$CSeMilBibl$Z2$F56335 $81 961 $aOmaggio per recensione: Scuola Cattolica 996 $6020$a978-88-6512-454-3$9(OLS)http://semarc/number/68618 996 $6245$aLa Commissione teologica internazionale :$bstoria e prospettive$9(OLS)http://semarc/title/134582 996 $6260$aVenezia :$bMarcianum Press$9(OLS)http://semarc/publisher/31536 LEADER 01099nam a2200253 i 4500 001 000000161321 003 CaOOAMICUS 005 20070514000000.0 008 070514s1980 it u000 u grc u 013 $a138684 040 $aSeMil$bita 100 0 $aLucianus : Samosatensis,$d.$0(OLS)http://semarc/name/3585 245 10$aLibelli 44-68. 260 $aOxonii :$bE Typographeo Clarendoniano,$c1980. 300 $a391 p. 490 0 $aScriptorum classicorum bibliotheca Oxoniensis 700 1 $aMacleod, Matthew Donald.$0(OLS)http://semarc/name/8098 773 0 $aLucianus : Samosatensis, $tLuciani Opera.$dOxonii : E Typographeo Clarendoniano, [1972]-[197?]$g3$w()17807 830 0$aScriptorum classicorum bibliotheca Oxoniensis.$0(OLS)http://semarc/title/23159 850 $aSeMil 852 $aSeMil$W1$xVenegono$y1$m1X III 153$j112747$B112747$CSeMilBibl$Z2$F123230 $81 961 $aOmaggio: Bellini don Enzo 996 $6245$aLibelli 44-68$9(OLS)http://semarc/title/144386 996 $6260$aOxonii :$bE Typographeo Clarendoniano$9(OLS)http://semarc/publisher/30099